[Event "Pan American-ch U14"]
[Site "San Jose"]
[Date "2017.07.01"]
[Round "1"]
[White "Ojeda Venegas, Tomas Fernando"]
[Black "Lopez Bustos, David"]
[Result "1-0"]
[WhiteElo "1976"]
[BlackElo "1306"]
[PlyCount "63"]
[EventDate "2017.07.01"]
[EventType "swiss"]
[EventRounds "9"]
[EventCountry "CRI"]
[SourceTitle "EXT 2022"]
[Source "ChessBase"]
[SourceDate "2021.10.06"]
[SourceVersion "1"]
[SourceVersionDate "2021.10.06"]
[SourceQuality "1"]

1. e4 e5 2. Nf3 Nc6 3. d4 exd4 4. Nxd4 Nf6 5. Nxc6 bxc6 6. e5 Nd5 7. c4 Bb4+ 8. Bd2 Bxd2+ 9. Qxd2 Nb6 10. Bd3 0-0 11. 0-0 Ba6 12. Qc2 g6 13. Nd2 d5 14. cxd5 Bxd3 15. Qxd3 cxd5 16. Qd4 Qe7 17. Rac1 Rac8 18. b4 c6 19. Rfe1 Rfe8 20. f4 Rc7 21. Rf1 Rec8 22. Nb3 Nc4 23. Nc5 a5 24. bxa5 Nxa5 25. f5 Re8 26. Rce1 Nc4 27. f6 Qd8 28. Qf4 Kh8 29. Rf3 Qc8 30. Rh3 Qf5 31. Qh6 Qxh3 32. Qg7# 1-0